00381 a2200157 4500003000400000005001700004008004100021020001800062040000900080082001700089100001400106245003200120250001200152260004900164300001000213OSt20240201095038.0240201b |||||||| |||| 00| 0 eng d a9789391899295 coclc a211.6bASH/P aAshraf, K aPostsecularism /cK. Ashraf a1st ed. aKozhikode:bIslamic Publishing House,c2022. a312p.